|
|
|
|
| LEADER |
00606nam a22001697a 4500 |
| 008 |
161105b xxu||||| |||| 00| 0 mal d |
| 020 |
|
|
|a 8176380237
|c INR
|
| 082 |
|
|
|a 615.537
|
| 100 |
|
|
|a Raghavan Thirumulppad, K.
|
| 245 |
|
|
|a Ashtangadarsanam /
|c K. Raghavan Thirumulppad
|
| 260 |
|
|
|a Thiruvananthapuram :
|b State Institute of Languages ,
|c 1998.
|
| 300 |
|
|
|a 306 p. ;
|
| 650 |
|
|
|a Ayurveda
|
| 942 |
|
|
|c BK
|
| 546 |
|
|
|a Malayalam
|
| 999 |
|
|
|c 286564
|d 286564
|
| 952 |
|
|
|0 0
|1 0
|4 0
|6 615_537000000000000_RAG_A
|7 0
|9 325331
|a FLK
|b FLK
|c ST1
|d 2016-11-05
|e BK
|g 80.00
|i 698
|l 0
|o 615.537 RAG/A
|p FLK698
|r 2016-11-05
|w 2016-11-05
|y BK
|